El Món d'avui : dels feixismes històrics als reaccionarismes postmoderns i els nous populismes : els reptes de les polítiques de memòria / dels feixismes històrics als reaccionarismes postmoderns i els nous populismes : els reptes de les polítiques de memòria /
ISBN:
9788418601774
Descripción Física:
238 pàgines ; 24 cm
Colección:
Documents del Memorial Democràtic
; 8
Otros Autores:
Di Cesare, Donatella
,
Dueñas Iturbe, Oriol
,
Font i Agulló, Jordi
,
Fuentes Codera, Maximiliano, 1976-
Materias:
Feixisme -- Història -- Congressos.
; Populisme -- Història -- Congressos.
; Memòria col·lectiva -- Congressos.
; Feixisme
; Populisme
; Política
; Govern
; Memòria col·lectiva
; Espanya
; Espanya -- Política i govern -- S. XX -- Congressos.
; Espanya -- Política i govern -- S. XXI -- Congressos.
; Congressos
Idioma:
Catalán
MARC
| LEADER | 00000pam a2200000 i 4500 | ||
|---|---|---|---|
| 001 | 24959 | ||
| 005 | 20260324180721.0 | ||
| 008 | 210707e202107 spc|||| |||| 1|0 0 cat| | ||
| 015 | |a LL2021 |2 bnc | ||
| 017 | |a DL B 12727-2021 |b Biblioteca de Catalunya | ||
| 020 | |a 9788418601774 | ||
| 035 | |a (ccuc001)b75562091 | ||
| 035 | |a (ES-BaCBU).b75562091-34csuc_network | ||
| 035 | |a (ES-BaCBU).b75562091 | ||
| 040 | |a ES-BaBC |b cat |e rda |c ES-BaBC | ||
| 043 | |a e-sp--- | ||
| 080 | |a 329.18 |x (091) |x (063) |2 2004 | ||
| 080 | |a 323.14 |x (091) |x (063) |2 2004 | ||
| 080 | |a 316.644:94 |x (063) |2 2004 | ||
| 080 | |a 32 |x (460) |x "19/20" |x (063) |2 2004 | ||
| 110 | 2 | |a Memorial Democràtic (Catalunya). |b Col·loqui Internacional |n (5è : |d 2019 : |c Barcelona, Catalunya), |e autor | |
| 245 | 1 | 3 | |a El Món d'avui : |b dels feixismes històrics als reaccionarismes postmoderns i els nous populismes : els reptes de les polítiques de memòria / |c Oriol Dueñas, Jordi Font Agulló, Maximiliano Fuentes (eds.) |
| 264 | 1 | |a Barcelona : |b Memorial Democràtic, |c juliol, 2021 | |
| 300 | |a 238 pàgines ; |c 24 cm | ||
| 336 | |a text |b txt |2 rdacontent | ||
| 337 | |a sense mediació |b n |2 rdamedia | ||
| 338 | |a volum |b nc |2 rdacarrier | ||
| 490 | 1 | |a Documents del Memorial Democràtic ; |v N 08 | |
| 500 | |a Actes del 5è Col·loqui Internacional Memorial Democràtic-Càtedra Walter Benjamin, celebrat del 27 al 30 de novembre de 2019 a Barcelona | ||
| 504 | |a Referències bibliogràfiques | ||
| 505 | 8 | |a Conté: Pròleg / Oriol Dueñas, Jordi Font Agulló, Maximiliano Fuentes (eds.) -- L’ombra negra de la sobirania : nacionalismes xenòfobs i nous feixismes a l’occident del segle XXI / Donatella Di Cesare -- El món d’ahir : la crisi del liberalisme europeu i el sorgiment del feixisme / Maximiliano Fuentes Codera -- Els feixismes de llarg recorregut? : el cas espanyol / Carme Molinero -- VOX, d’’ànima radical’ del PP a partit rival : una hipòtesi sobre mobilitzacions i radicalització política (1993-2018) / Xavier Casals -- Taula 1: La política en l’era de l’autocomunicació de masses : mitjans de comunicació i l’entorn de les xarxes socials -- Taula 2: A quaranta anys de la Transició a la democràcia a Espanya i els desafiaments dels populismes -- La consolidació dels projectes feixistes i feixistitzats (1922-1945) / Joan Maria Thomàs -- Neoliberalisme, populisme i esquerra / Éric Fassin -- Noves experiències reaccionàries : la derrota del liberalisme i la sentimentalització algorítmica de la democràcia / José María Lassalle -- Taula 3: Patrimoni memorial, context expositiu i pedagogia : són preventius els espais de memòria? -- Taula 4: La implementació de les polítiques públiques de memòria : experiències i pràctiques davant el repte dels radicalismes autoritaris i els revisionismes -- De feixistes a reaccionaris / Josep Ramoneda | |
| 650 | 7 | |a Feixisme |x Història |v Congressos. |2 lemac | |
| 650 | 7 | |a Populisme |x Història |v Congressos. |2 lemac | |
| 650 | 7 | |a Memòria col·lectiva |v Congressos. |2 lemac |9 53938 | |
| 650 | 7 | |a Feixisme |2 thub | |
| 650 | 7 | |a Populisme |2 thub |9 64147 | |
| 650 | 7 | |a Política |2 thub |9 23804 | |
| 650 | 7 | |a Govern |2 thub | |
| 650 | 7 | |a Memòria col·lectiva |2 thub |9 9669 | |
| 651 | 7 | |a Espanya |2 thub |9 51008 | |
| 651 | 7 | |a Espanya |x Política i govern |y S. XX |v Congressos. |2 lemac | |
| 651 | 7 | |a Espanya |x Política i govern |y S. XXI |v Congressos. |2 lemac | |
| 655 | 7 | |a Congressos |2 thub | |
| 700 | 1 | 2 | |i Contenidor de (obra): |a Di Cesare, Donatella. |t Ombra negra de la sobirania. |
| 700 | 1 | |a Dueñas Iturbe, Oriol, |e editor literari |9 39956 | |
| 700 | 1 | |a Font i Agulló, Jordi, |e editor literari | |
| 700 | 1 | |a Fuentes Codera, Maximiliano, |d 1976- |e editor literari | |
| 830 | 0 | |a Documents del Memorial Democràtic ; |v 8 |9 53939 | |
| 907 | |a .b75562091 |b 07-07-21 |c 07-07-21 |d 07-07-21 |e m |f a |g - |h cat |i spc |j 0 |k 0 | ||
| 908 | |a BC |a ANC |a ICIP |a BMON |a UB |a BPC |a BAB |a ICAB |a UdL | ||
| 940 | |a BC | ||
| 942 | |c ARXIU |n 1 | ||
| 952 | |0 0 |1 0 |2 udc |4 0 |6 BIB299 |7 1 |9 60777 |a Arxiu |b Arxiu |d 2021-11-08 |o Bib-299 |p 24959 |r 2021-11-08 00:00:00 |w 2021-11-08 |y ARXIU | ||
| 995 | |a Donació: Memorial Democràtic |d 0702062987 | ||
| 999 | |c 80910 |d 80910 | ||